000 00377nam a22001577a 4500
005 20251108173509.0
008 250721s9999 xx 000 0 eng d
082 1 4 _aj/f/bul
100 1 _abullard, lisa
_eمؤلف
245 1 0 _aall about me marvelous me /
264 _bpicture window books,
300 _a24p
650 1 7 _aFICTION
942 _2ddc
_cBK
999 _c105301
_d105301